| 000 | 01633cam a22004457a 4500 | ||
|---|---|---|---|
| 003 | CHAP | ||
| 005 | 20220817043634.0 | ||
| 008 | 000313d1994 it b rn 00110 spa d | ||
| 010 | _a80405 | ||
| 011 | _a81377 | ||
| 035 | _a91846 | ||
| 040 | _cCHAP | ||
| 082 | 0 | 4 |
_a639.7 _bF31Y v.10 |
| 110 | 2 | _aFAO | |
| 245 | 1 | 0 |
_aManejo y aprovechamiento acuícola de lagunas costeras en América Latina y el Caribe _bproyecto aquila II _c/ed. por Guadalupe de la Lanza Espino, Juan José Salaya Avila y Enrico Varsi |
| 260 |
_aRoma : _bFAO, _c1994. |
||
| 300 |
_a159 p. : _bmapas |
||
| 410 | _aFAO | ||
| 490 | 0 |
_aDocumento de campo _v; 10 |
|
| 590 |
_aBATCH-UPD _b10 _c20130110 _lUCH01 _h0451 |
||
| 590 |
_aBATCH-UPD _b10 _c20130110 _lUCH01 _h2336 |
||
| 590 |
_aBATCH-UPD _b10 _c20130410 _lUCH01 _h0128 |
||
| 590 |
_aBATCH-UPD _b10 _c20130914 _lUCH01 _h1345 |
||
| 590 |
_aCONVERSION _b10 _c20130109 _lUCH01 _h1345 |
||
| 650 | 1 | 4 |
_aAcuicultura. _9758 |
| 650 | 1 | 4 |
_aLaguna costera. _964442 |
| 650 | 1 | 4 |
_aLagunas _xAmérica Latina. _964451 |
| 650 | 1 | 4 |
_aLagunas _xCaribe. _964452 |
| 700 | 0 |
_aLanza Espino, Guadalupe de la _eed. _964796 |
|
| 700 | 0 |
_aSalaya Avila, Juan José _eed. _9101348 |
|
| 700 | 0 |
_aVarsi, Enrico _eed. _9118170 |
|
| 810 | 0 | _aFAO | |
| 830 | 0 | 0 |
_aDocumento de campo _v; 10 _933219 |
| 901 | _aBK | ||
| 905 | _aLilia Sánchez G. | ||
| 942 | _cLIBRO | ||
| 949 |
_a639.7 F31Y v.10 _bBC _cFAO _d33724000739603 _eFAO2 _fc.3 _h96828 _i91846 _kDonaciØn _sb |
||
| 949 |
_a639.7 F31Y v.10 _bBC _cFAO _d33724000739611 _eFAO2 _fc.2 _h96827 _i91846 _kDonaciØn _sb |
||
| 949 |
_a639.7 F31Y v.10 _bBC _cFAO _d33724000739629 _eFAO1 _h96826 _i91846 _kDonaciØn _sb |
||
| 999 |
_c80405 _d80405 |
||